Collision theory and statistical theory of chemical reactions /
Guardado en:
| Autor Principal: | |
|---|---|
| Formato: | Libro |
| Idioma: | English |
| Publicado: |
Berlin :
Springer-Verlag,
1980.
|
| Series: | Lecture notes in chemistry ;
18 |
| Materias: | |
| Etiquetas: |
Agregar Etiqueta
Sin Etiquetas, Sea el primero en etiquetar este registro!
|
| LEADER | 00901cam a22002535a 4500 | ||
|---|---|---|---|
| 001 | EIQ.libpla000544 | ||
| 008 | 800602s1980####wb#a#####b####000#0#eng#d | ||
| 005 | 20060315141254.0 | ||
| 245 | 1 | 0 | |a Collision theory and statistical theory of chemical reactions / |c Stefan G. Christov. |
| 260 | |a Berlin : |b Springer-Verlag, |c 1980. | ||
| 300 | |a xii, 322 p. : |b il. ; |c 24 cm. | ||
| 440 | 0 | |a Lecture notes in chemistry ; |v 18 | |
| 504 | |a Incluye referencias bibliográficas. | ||
| 020 | |a 0387100121 (U.S. : pbk.) | ||
| 100 | 1 | |a Khristov, St. G. | |
| 082 | 0 | 0 | |a 541.3/94 |
| 650 | 0 | |a Cinética quimica |x Teoría. | |
| 650 | 4 | |a Química |x Velocidad de reacción. | |
| 650 | 4 | |a Colisiones (física nuclear) |x Teoría. | |
| 650 | 0 | |a Chemical kinetics |x Theory. | |
| 650 | 4 | |a Collisions (nuclear physics) |x Theory | |
| 010 | |a 80018112 | ||
| 040 | |a DLC |c DLC |d AR-BbSID | ||
| 859 | |a AR-BbSID |b BIB. PLAPIQUI |h 541 |i C 467 |p 1550 | ||
